Zóna bývania a vybavenosti v mestskej časti Krasny Dvor, Brest, Bielorusko
Saved in:
| Main Author: | |
|---|---|
| Other Authors: | |
| Format: | Manuscript Book |
| Language: | Slovak |
| Published: |
2016
|
| Subjects: | |
| Online Access: | http://is.stuba.sk/zp/portal_zp.pl?podrobnosti=118381 https://opac.crzp.sk/?fn=detailBiblioForm&sid=41728D440EB1EF629114168922FE |
| Tags: |
No Tags, Be the first to tag this record!
|
MARC
| LEADER | 00000ntm a22000003a 4500 | ||
|---|---|---|---|
| 001 | stuzp56703 | ||
| 003 | SK-STU | ||
| 005 | 20230906160234.9 | ||
| 007 | ta | ||
| 008 | 150427s2015----xo-----f-mn---000-0-slo-d | ||
| 040 | |a STU |b slo | ||
| 041 | 0 | |a slo | |
| 100 | 1 | |a Ivorová, Miriama |u 010310 |4 aut |U SvF Stavebná fakulta |T SvF Katedra architektúry |X 7646 |U V181|V310 |Y 19 |7 A000007646 | |
| 242 | 0 | 1 | |a Zone housing and amenities in the urban part Krasny Dvor, Brest, Belarus |y eng |
| 245 | 1 | 0 | |a Zóna bývania a vybavenosti v mestskej časti Krasny Dvor, Brest, Bielorusko |
| 260 | |c 2016 | ||
| 650 | 4 | |a pasívny dom |2 slo | |
| 650 | 4 | |a rodinný radový dom |2 slo | |
| 650 | 4 | |a bytový dom |2 slo | |
| 650 | 4 | |a občianska vybavenosť |2 slo | |
| 650 | 4 | |a pasívny štandard |2 slo | |
| 650 | 4 | |a polyfunkcia |2 slo | |
| 650 | 4 | |a urbanistický návrh |2 slo | |
| 650 | 4 | |a passive house |2 eng | |
| 650 | 4 | |a apartment building |2 eng | |
| 650 | 4 | |a urban design |2 eng | |
| 650 | 4 | |a passive standard |2 eng | |
| 650 | 4 | |a semi-detached family home |2 eng | |
| 650 | 4 | |a polyfunction |2 eng | |
| 650 | 4 | |a amenities |2 eng | |
| 700 | 1 | |a Kuráň, Jozef |u 010310 |k Z2 |4 ths |U SvF Stavebná fakulta |T SvF Katedra architektúry |X 710 |U V181|V310 |Y 19 |7 A000000710 | |
| 856 | 4 | |u http://is.stuba.sk/zp/portal_zp.pl?podrobnosti=118381 | |
| 856 | 4 | |u https://opac.crzp.sk/?fn=detailBiblioForm&sid=41728D440EB1EF629114168922FE | |
| SQL | |a stuzp56703 |b DDP |c SLO |d Zóna bývania a vybavenosti v mestskej časti Krasny Dvor, Brest, Bielorusko |e 7646 |f Ivorová, Miriama |g 010310 |h 710 |i Kuráň, Jozef |j 20160616 |k 19 |l 01 |m http://is.stuba.sk/zp/portal_zp.pl?podrobnosti=118381 |n I-PSA |o 5.1.4. pozemné stavby, 5.1.1. architektúra a urbanizmus | ||